000
00299nam a22001337a 4500
008
170522b xxu||||| |||| 00| 0 eng d
020
_a
0520046218
041
_a
eng
080
_a
94(100)
100
_a
16
101
_a
SHH
245
_a
SCIENCE DEIFIED &SCIENCE DEFIED
_c
OLSON,R
942
_2
udc
_c
BK
999
_c
13663
_d
13663